000 00683nam a22002417 4500
001 58755
005 20250827221544.0
008 241128r |||a|||gr|||| 00| 0 spa d
040 _aCO-BoRNBP
_bspa
_erda
_cCO-BoRNBP
084 _aC ROD
100 1 _aRodari, Gianni
_eautor
_92463
245 1 0 _aCuentos escritos a máquina
_cGianni Rodari
250 _atercera edición
264 1 _aMadrid, España
_bAlfaguara
_c1982
300 _a270 páginas
_c22 cm.
336 _atexto
_btxt
_2rdacontenido
337 _asin mediación
_bn
_2rdamedio
338 _avolumen
_bnc
_2rdasoporte
650 1 7 _2LEMB
653 _acuentos
653 _acuentos juveniles italianos
942 _cBKLIT
999 _c58755
_d58755